100 Actrices francophones (en Images) - Statistiques

Statistiques générales
  • Ce quiz a été pris 563 fois
  • Le résultat moyen est 43 sur 100
Statistiques - réponses
Par images Réponse % Correct
Marion Cotillard
86%
Alexandra Lamy
84%
Vanessa Paradis
84%
Sophie Marceau
82%
Catherine Deneuve
81%
Virginie Efira
80%
Adèle Exarchopoulos
79%
Mimie Mathy
79%
Camille Cottin
78%
Audrey Fleurot
74%
Léa Seydoux
74%
Muriel Robin
74%
Valérie Lemercier
74%
Charlotte Gainsbourg
73%
Isabelle Adjani
73%
Leïla Bekhti
73%
Isabelle Nanty
72%
Michele Laroque
71%
Brigitte Bardot
70%
Géraldine Nakache
69%
Josiane Balasko
69%
Audrey Tautou
68%
Marina Foïs
65%
Marilou Berry
60%
Sandrine Kiberlain
59%
Jane Birkin
58%
Eva Green
57%
Isabelle Huppert
57%
Mathilde Seigner
57%
Carole Bouquet
56%
Chantal Lauby
56%
Frédérique Bel
55%
Mélanie Laurent
53%
Camélia Jordana
52%
Elodie Fontan
52%
Fanny Ardant
51%
Bérénice Béjo
50%
Chantal Ladesou
50%
Laetitia Casta
50%
Miou-Miou
50%
Nathalie Baye
50%
Emmanuelle Béart
49%
Karin Viard
49%
Valérie Bonneton
48%
Julie Gayet
47%
Juliette Binoche
47%
Béatrice Dalle
46%
Maïwenn
45%
Adèle Haenel
42%
Elsa Zylberstein
42%
Laure Calamy
41%
Agnès Jaoui
40%
Cécile De France
40%
Claire Keim
39%
Emma Mackey
37%
Ana Girardot
36%
Simone Signoret
36%
Louise Bourgoin
34%
Mélanie Thierry
34%
Virginie Ledoyen
33%
Anaïs Demoustier
32%
Sylvie Testud
32%
Valérie Benguigui
32%
Yolande Moreau
32%
Clémence Poesy
31%
Elodie Bouchez
31%
Emmanuelle Devos
29%
Léa Drucker
28%
Camille Chamoux
27%
Estelle Lefébure
27%
Chiara Mastroianni
26%
Zabou Breitman
26%
Firmine Richard
25%
Françoise Fabian
25%
Philippine Leroy-Beaulieu
25%
Doria Tillier
24%
Laurence Arné
23%
Marlène Jobert
23%
Valeria Bruni Tedeschi
23%
Alice Taglioni
21%
Judith Godrèche
21%
Arletty
20%
Mélanie Doutey
20%
Stefi Celma
20%
Helene De Fougerolles
19%
Lyna Khoudri
19%
Sabrina Ouazani
19%
Joséphine Japy
18%
Noémie Merlant
17%
Anne Marivin
16%
Natacha Lindinger
16%
Aïssa Maïga
12%
Anouk Grinberg
12%
Liliane Rovère
12%
Valérie Donzelli
12%
Constance Labbé
11%
Lou de Laâge
11%
Eye Haïdara
8%
Anne Dorval
7%
Judith El Zein
6%
Aucun quiz correspondant
Distribution des résultats
% des personnes avec chaque résultat
Percentile par nombre de réponses
Votre historique - résultats
Vous n’avez pas pris ce quiz